Départements de France (carte, sélection, aléatoire, oubli) - Statistiques

Statistiques générales
  • Ce quiz a été pris 29 fois
  • Le résultat moyen est 42 sur 101
Réponses sur la Carte
Les réponses sont colorées sur une échelle allant du rouge au vert en fonction du pourcentage des utilisateurs qui les ont devinées à leur premier essai. Vous pouvez retrouver ces pourcentages ci-dessous.
 
Statistiques - réponses
Départements % Correct
Charente
64%
Marne
57%
Alpes-de-Haute-Provence
50%
Ariège
50%
Aube
50%
Charente-Maritime
50%
Corrèze
50%
Deux-Sèvres
50%
Dordogne
50%
Eure
50%
Haute-Garonne
50%
Hautes-Pyrénées
50%
Haute-Vienne
50%
Haut-Rhin
50%
Hérault
50%
Lot
50%
Maine-et-Loire
50%
Nièvre
50%
Saône-et-Loire
50%
Seine-Maritime
50%
Territoire de Belfort
50%
Vaucluse
50%
Vendée
50%
Ain
43%
Aisne
43%
Allier
43%
Ardennes
43%
Aude
43%
Aveyron
43%
Bouches-du-Rhône
43%
Cher
43%
Corse-du-Sud
43%
Doubs
43%
Eure-et-Loir
43%
Gironde
43%
Guadeloupe
43%
Guyane
43%
Haute-Corse
43%
Haute-Savoie
43%
Ille-et-Vilaine
43%
Landes
43%
Loire
43%
Loiret
43%
Manche
43%
Mayenne
43%
Meurthe-et-Moselle
43%
Nord
43%
Oise
43%
Paris
43%
Pas-de-Calais
43%
Puy-de-Dôme
43%
Pyrénées-Atlantiques
43%
Pyrénées-Orientales
43%
Tarn
43%
Tarn-et-Garonne
43%
Val-d'Oise
43%
Vienne
43%
Yvelines
43%
Alpes-Maritimes
36%
Ardèche
36%
Bas-Rhin
36%
Calvados
36%
Cantal
36%
Côte-d'Or
36%
Côtes-d'Armor
36%
Creuse
36%
Drôme
36%
Essonne
36%
Finistère
36%
Gard
36%
Gers
36%
Haute-Loire
36%
Haute-Marne
36%
Hautes-Alpes
36%
Haute-Saône
36%
Hauts-de-Seine
36%
Indre
36%
Indre-et-Loire
36%
Isère
36%
Jura
36%
La Réunion
36%
Loire-Atlantique
36%
Lot-et-Garonne
36%
Lozère
36%
Martinique
36%
Mayotte
36%
Meuse
36%
Morbihan
36%
Moselle
36%
Orne
36%
Rhône
36%
Sarthe
36%
Savoie
36%
Seine-et-Marne
36%
Seine-Saint-Denis
36%
Somme
36%
Val-de-Marne
36%
Var
36%
Vosges
36%
Yonne
36%
Loir-et-Cher
29%
Aucun quiz correspondant
Distribution des résultats
% des personnes avec chaque résultat
Percentile par nombre de réponses
Votre historique - résultats
Vous n’avez pas pris ce quiz